000
00286nam a2200109Ia 4500
008
230907s9999||||xx |||||||||||||| ||und||
082
_a
621.199
_b
SHI
100
_a
Shi, Yang,
_9
115686
245
0
_a
Combined cooling, heating, and power systems :
300
_a
xxxiv, 161 p.
942
_c
BK
999
_c
601315
_d
601315